Guess the Country of this Political Party - Logo Quiz - Statistics

General Stats
  • This quiz has been taken 105 times
  • The average score is 4 of 10
Answer Stats
Picture Answer % Correct
Canada
92%
India
66%
New Zealand
58%
Germany
53%
United Kingdom
44%
Mexico
43%
Ireland
41%
Seychelles
19%
Malaysia
17%
Bolivia
5%
No matching quizzes found
Score Distribution
Percent of People with Each Score
Percentile by Number Answered
Your Score History
You have not taken this quiz